Teorías aristotélicas del discurso.

Sparad:
Bibliografiska uppgifter
Huvudupphovsman: López Farjeat, Luis Xavier (autor)
Materialtyp: Bok
Språk:spanska
Publicerad: Pamplona, España: Ediciones Universidad de Navarra (EUNSA), 2002.
Upplaga:Primera edición.
Serie:Colección Filosófica, 174.
Ämnen:
Taggar: Lägg till en tagg
Inga taggar, Lägg till första taggen!

MARC

LEADER 00000cam a2200000 a 4500
001 UCH5873
003 CL-VaPUC
005 20241127085256.0
008 091105e20020000SP |||||||||||||||||spa|d
999 |c 336908  |d 336906 
020 |a 84-313-2006-0 
040 |c Pontificia Universidad Católica de Valparaíso 
082 0 4 |a 185 LOP 2002   |2 21 
100 |a López Farjeat, Luis Xavier  |e autor  |9 542261 
245 1 0 |a Teorías aristotélicas del discurso.  
250 |a Primera edición.  
260 |a Pamplona, España:   |b Ediciones Universidad de Navarra (EUNSA),  |c 2002. 
300 |a 526 páginas.  
490 0 |a Colección Filosófica, 174. 
500 |a c.2 Donación Familia Prof. Alejandro Guzmán Brito. 
583 |a last modification  |c 20121008 06:43:11  |k Rodrigo Vera 
600 0 |a Aristóteles,  |d 384 a.C.- 322 a.C.  |9 194 
650 0 |a Aristotelismo  |9 347069 
650 0 |a Análisis del discurso  |9 256696 
650 0 |a Retórica   |9 266620 
650 0 |a Discurso  |9 351973 
650 0 |a Dialéctica  |9 257902 
942 |c BK  |2 ddc  |n 0 
945 |d 20091105 00:00:00  |a rbrito 
952 |0 0  |1 0  |4 0  |6 185_000000000000000_LOP_2002  |7 0  |8 A  |9 428964  |a BIBEDU  |b BIBEDU  |d 2019-11-22  |i 4614348  |l 2  |o 185 LOP 2002  |p 4614348  |r 2023-07-06  |s 2023-07-06  |w 2019-11-22  |y BK  |k FIL 
952 |0 0  |1 0  |2 ddc  |4 0  |6 185_000000000000000_LOP_2002  |7 1  |8 C_AGB  |9 579707  |a BIBDER  |b BIBDER  |d 2021-12-21  |e Donación   |i 5630258  |o 185 LOP 2002  |p 5630258  |r 2023-01-25  |t 2  |w 2021-12-21  |y BK_US  |k AGB